Culture Générale - Série 647 - Statistiques

Statistiques générales
  • Ce quiz a été pris 140 fois
  • Le résultat moyen est 7 sur 10
Statistiques - réponses
Question Réponse % Correct
Dans la banlieue de quelle capitale européenne se situe le quartier d'affaires de "La Défense" ? Paris
100%
Dans quel pays se trouve la province de l'Ontario ? Canada
91%
Dans un dessin animé, quel poussin noir, avec une coquille brisée sur la tête, répète souvent : "C'est vraiment trop inzuste !" ? Calimero
90%
En anatomie, quelle cicatrice arrondie est aussi appelée : "ombilic" ? nombril
87%
Quel célèbre héros de romans policiers créé par Conan Doyle joue du violon ? Sherlock Holmes
81%
Quel style musical, né aux Etats-Unis dans les années 50, peut se traduire par "balance et roule" ? Rock and Roll
74%
Dans "Le Roi lion" de Disney, quel est le nom du lionceau héritier du trône et fils de Mufasa ? Simba
65%
Dans quel film, Daniel Craig a-t-il incarné James Bond, pour la première fois au cinéma ? Casino Royale
39%
Quel cinéaste a reçu l'Oscar du meilleur réalisateur pour le film : "Le Seigneur des anneaux : le retour du roi" ? Peter Jackson
36%
Le crustacé à pédoncule comestible charnu, qui vit fixé aux rochers est appelé "pouce-... pied
13%
Aucun quiz correspondant
Distribution des résultats
% des personnes avec chaque résultat
Percentile par nombre de réponses
Votre historique - résultats
Vous n’avez pas pris ce quiz